| 000 | 00573nam a22001337a 4500 | ||
|---|---|---|---|
| 040 | _cRUA | ||
| 082 | _aLMA LY 2017 B652 Or.1 | ||
| 100 | _aLY MENGLENG លី ម៉េងឡេង | ||
| 245 | _ausing drone technology to support systematic land registration ការប្រើប្រាស់បច្ចេកវិទ្យាជ្រូកបម្រើចុះបញ្ចីដីធ្លីមានលក្ខណះជាប្រពន្ធ | ||
| 260 |
_aRUA _bPHnom penh _c2017 |
||
| 300 |
_axi;39p _bill; _c29cm |
||
| 856 | _u LY MENGLENG | ||
| 942 | _cLMA | ||
| 999 |
_c18455 _d18455 |
||